Elements of Heat engines (Record no. 11337)
[ view plain ]
| 000 -LEADER | |
|---|---|
| fixed length control field | 00246cam a2200121ua 4500 |
| 082 ## - DEWEY DECIMAL CLASSIFICATION NUMBER | |
| Classification number | 621.43 |
| Item number | PAN/EL |
| 100 ## - MAIN ENTRY--AUTHOR NAME | |
| Personal name | Pandya, N C. |
| 245 ## - TITLE STATEMENT | |
| Title | Elements of Heat engines |
| 250 ## - EDITION STATEMENT | |
| Edition statement | 5 / |
| 300 ## - PHYSICAL DESCRIPTION | |
| Number of Pages | ; . |
No items available.
